| 000 | 02192cam a22005294i 4500 | ||
|---|---|---|---|
| 003 | PE-LiUPU | ||
| 005 | 20250731172707.0 | ||
| 008 | 150617s r 000 0 d | ||
| 035 | _a(Sirsi) a10361 | ||
| 040 |
_aPE-LiUPU _bspa _cPE-LiUPU _erda |
||
| 049 | _aPRUA | ||
| 082 | 0 | 4 |
_a227.013 _bH53 _221 |
| 100 | 1 |
_aHilsdale, Pau, _eautor. |
|
| 245 | 1 | 0 |
_aOraciones de San Pablo / _c Pau Hilsdale. |
| 264 | 1 |
_aMadrid : _bEditorial Apostalado de la Prensa, _c1966. |
|
| 300 |
_a250 páginas ; _c22 cm. |
||
| 336 |
_atext _2rdacontent |
||
| 337 |
_aunmediated _2rdamedia |
||
| 338 |
_avolume _2rdacarrier |
||
| 505 | 0 | _aOraciones de Romanos -- Oraciones de I Corintios -- Oraciones de Colosenses -- Oraciones de Tesalonicenses -- Oraciones de las cartas pastorales -- Oraciones de interés personal. | |
| 526 | _aSEG42 | ||
| 526 | _aSEG41 | ||
| 526 | _aSEG40 | ||
| 526 | _aSEG39 | ||
| 526 | _aP94 | ||
| 526 | _aP87 | ||
| 526 | _aP86 | ||
| 526 | _aP85 | ||
| 526 | _aP77 | ||
| 526 | _aP76 | ||
| 526 | _aP35 | ||
| 600 | 1 |
_aPABLO DE TARSO _xOraciones |
|
| 650 | 0 | 4 | _aORACIONES (Religión). |
| 910 |
_ajck _bjvq _cjck _d20150616 |
||
| 942 |
_2ddc _cBOOK |
||
| 949 |
_a227.013 H53 _wDEWEY _c1 _i13942 _lCCODEBUL1 _mBUL _p00.00 _r0 _sY _tBOOK _u19750825 _xTEOLOGIA _PP35 _0COMPRA _o.STAFF. Colección General |
||
| 949 |
_a227.013 H53 _wDEWEY _c2 _i37617 _lCCODEBUL1 _mBUL _p00.00 _r0 _sY _tBOOK _u19750825 _xTEOLOGIA _PP35 _0COMPRA _o.STAFF. Colección General |
||
| 949 |
_a227.013 H53 _wDEWEY _c3 _i14537 _lCCODEBUL1 _mBUL _p00.00 _r0 _sY _tBOOK _u2015-04-21 _xTEOLOGIA _PP35 _0COMPRA _o.STAFF. Colección General |
||
| 994 |
_aC0 _bPEPRU |
||
| 596 | _a1 | ||
| 999 |
_a227.013 H53 _wDEWEY _c399 _i13942 _f2019-12-9 _g4 _lDISCARD _mBUL _r0 _sY _tBOOK _u2015-6-17 _xTEOLOGIA _PP35 _0COMPRA _o.STAFF. Colección General _d399 |
||
| 999 |
_a227.013 H53 _wDEWEY _c2 _i37617 _f2021-11-9 _g5 _lCCODEBUL1 _mBUL _r0 _sY _tBOOK _u2015-6-17 _xTEOLOGIA _PP35 _0COMPRA _o.STAFF. Colección General |
||
| 999 |
_a227.013 H53 _wDEWEY _c3 _i14537 _f2019-12-9 _g3 _lDISCARD _mBUL _r0 _sY _tBOOK _u2015-4-21 _xTEOLOGIA _PP35 _0COMPRA _o.STAFF. Colección General |
||
| 980 |
_81 _gALBERTO SANCHEZ Responsable de Automatización |
||